Quick Pick: Mekong River Countries Quiz Stats

 Plays Quiz Updated Feb 13, 2020

Support Sporcle.
Go Orange.
Score 0/6 Timer 01:00
0 Plays Today
% Correct
Cambodia
94%
Vietnam
91.3%
Laos
89.5%
Thailand
88.8%
China
82%
Myanmar
80.3%

Today's Daily Dose

You're not logged in!

Compare scores with friends on all Sporcle quizzes.
OR
Log In
Forgot?

From the Vault

MLB Win Leaders (1990s)

by ironsij0287

Sports 7m
Last spring I drafted a bunch of these guys for my fantasy team...somehow I didn't do as well as I expected.
Remove Ads.
Support Sporcle.
Get the best of Sporcle when you Go Orange. This ad-free experience offers more features, more stats, and more fun while also helping to support Sporcle. Thank you for becoming a member.

Show Comments

Extras

Top Quizzes Today


Score Distribution

Your Account Isn't Verified!

In order to create a playlist on Sporcle, you need to verify the email address you used during registration. Go to your Sporcle Settings to finish the process.

Report this User

Report this user for behavior that violates our Community Guidelines.

Details: